Film and Video Works [by Bas Jan Ader] /

Bas Jan Ader (1942) artista holandés radicado en sus últimos años de vida en Los Angeles, California, practicó el arte conceptual y el performance, además de haberse dedicado a la fotografía y al video; en estos dos últimos medios presentó gran parte de su obra. Tema centra en sus instalaciones es l...

Fuld beskrivelse

Guardado en:
Bibliografiske detaljer
Hovedforfatter: Ader, Bas Jan (realización)
Format: Slide
Sprog:engelsk
Fag:
Tags: Tilføj Tag
Ingen Tags, Vær først til at tagge denne postø!

MARC

LEADER 00000ngm^a2200000^a^4500
001 000297887
005 20251020000000.0
009 20260310112351.982
037 |a Acervo ITESO - Biblioteca 
041 |a ING 
082 |a 709. 492072  |b ADE HER V. 2 
100 |a Ader, Bas Jan  |e (realización) 
245 1 0 |a Film and Video Works [by Bas Jan Ader] /  |c Realización de B.J. Ader. 
264 2 |a EUA :  |b American Scenes [distribución],  |c 2008, c2008 
300 |a 1 DVD multirregión  |c (39 min.) +  |e 1 tríptico 
336 |a imagen móvil bidimensional  |b tdi  |2 rdacontenido 
337 |a video  |b v  |2 rdamedio 
338 |a videodisco  |b vd  |2 rdasoporte 
520 |a Bas Jan Ader (1942) artista holandés radicado en sus últimos años de vida en Los Angeles, California, practicó el arte conceptual y el performance, además de haberse dedicado a la fotografía y al video; en estos dos últimos medios presentó gran parte de su obra. Tema centra en sus instalaciones es la posibilidad de perder el control; su muerte está asociada con este motivo: desapareció en circunstancias misteriosas a bordo de un minúsculo bote con el que pretendía atravesar el océano Atlántico. Su producción ha sido revalorizada a partir de la década de 1990. 
649 |a XX 
650 |a Cineastas Holandeses 
650 |a Artistas Holandeses 
650 |a Cine Norteamericano -  |y 1970-1979 
650 |a Cine Norteamericano -  |y Siglo XX 
650 |a Video -  |z Holanda 
650 |a Video -  |z EUA 
650 |a Instalaciones (Arte) 
650 |a Arte Holandés -  |y Siglo XX 
650 |a Arte Holandés -  |x Historia y Crítica 
650 |a Arte Norteamericano -  |y Siglo XX 
650 |a Arte Holandés -  |x Historia y Crítica 
910 |a Fondo General 
920 |a Audiovisuales - DVDs 
905 |a 302 
901 |a 0500324151  |b IT2  |c DVS  |i C118855  |u 20250521 
901 |a 0500195931  |b IT2  |c MIN  |i C118855  |u 20251020 
902 |a https://opac.biblio.iteso.mx/vufind/Record/000297887